Hikayat mimpi rumah agam merah jilid I

Bibliographic Details
Other Authors: Loh, Wah Ching
Format: Book
Published: Kuala Lumpur : Dewan Bahasa dan Pustaka , 2018
Subjects:

MARC

LEADER 00000cam a2200000 7i4500
001 0000231743
005 20181022.0
020 |a 9789834918729 
090 0 0 |a F   |b HIK 
245 1 0 |a Hikayat mimpi rumah agam merah jilid I   |c penterjemah Loh Wah Ching ...[et.al.] 
260 |a Kuala Lumpur :   |b Dewan Bahasa dan Pustaka ,   |c 2018 
300 |a 600p. ;   |c 22cm. 
650 0 |a Chinese fiction 
650 0 |a Malaysian fiction (Chinese) 
700 1 |a Loh, Wah Ching 
999 |a 00361889   |b BUKU   |c FICTION MANDARIN COLLECTION   |e PERPUSTAKAAN KOMUNITI PETALING JAYA